Полиморфные превращения типа ориентационный порядок-беспорядок; Ч. 3; Перхлорат и персульфат аммония; Известия Томского политехнического университета [Известия ТПУ]; Т. 308, № 6

Xehetasun bibliografikoak
Parent link:Известия Томского политехнического университета [Известия ТПУ]/ Томский политехнический университет (ТПУ).— , 2000-
Т. 308, № 6.— 2005.— [С. 23-28]
Egile nagusia: Беломестных В. Н. Владимир Николаевич
Beste egile batzuk: Теслева Е. П. Елена Павловна
Gaia:Заглавие с титульного листа
Электронная версия печатной публикации
Методами ультраакустики и теплофизики изучаются полиморфные свойства неорганических солей аммония: перхлората аммония (NH4ClO4), его дейтерированного аналога (ND4ClO4) и персульфата аммония (NH4)2S2O8).
Hizkuntza:errusiera
Argitaratua: 2005
Saila:Естественные науки
Gaiak:
Sarrera elektronikoa:http://www.lib.tpu.ru/fulltext/v/Bulletin_TPU/2005/v308/i6/05.pdf
Formatua: Baliabide elektronikoa Liburu kapitulua
KOHA link:https://koha.lib.tpu.ru/cgi-bin/koha/opac-detail.pl?biblionumber=170780

MARC

LEADER 00000nla2a2200000 4500
001 170780
005 20231031163808.0
035 |a (RuTPU)RU\TPU\book\185187 
035 |a RU\TPU\book\185178 
090 |a 170780 
100 |a 20091126d2005 k y0rusy50 ca 
101 0 |a rus 
102 |a RU 
135 |a drnn ---uucaa 
181 0 |a i  
182 0 |a b 
200 1 |a Полиморфные превращения типа ориентационный порядок-беспорядок  |b Электронный ресурс  |h Ч. 3  |i Перхлорат и персульфат аммония  |f В. Н. Беломестных, Е. П. Теслева 
203 |a Текст  |c электронный 
215 |a 1 файл (261 Кб) 
225 1 |a Естественные науки 
230 |a Электронные текстовые данные (1 файл : 261 Кб) 
300 |a Заглавие с титульного листа 
300 |a Электронная версия печатной публикации 
320 |a [Библиогр.: с. 28 (16 назв.)] 
330 |a Методами ультраакустики и теплофизики изучаются полиморфные свойства неорганических солей аммония: перхлората аммония (NH4ClO4), его дейтерированного аналога (ND4ClO4) и персульфата аммония (NH4)2S2O8). 
337 |a Adobe Reader 
461 1 |0 (RuTPU)RU\TPU\book\176237  |t Известия Томского политехнического университета [Известия ТПУ]  |f Томский политехнический университет (ТПУ)  |d 2000- 
463 1 |0 (RuTPU)RU\TPU\book\185177  |t Т. 308, № 6  |v [С. 23-28]  |d 2005  |p 275 с. 
610 1 |a полиморфные превращения 
610 1 |a порядок-беспорядок 
610 1 |a неорганические соли 
610 1 |a аммоний 
610 1 |a методы 
610 1 |a ультраакустика 
610 1 |a теплофизика 
610 1 |a полиморфные свойства 
610 1 |a перхлорат аммония 
610 1 |a дейтерированные аналоги 
610 1 |a персульфат аммония 
610 1 |a труды учёных ТПУ 
610 1 |a электронный ресурс 
700 1 |a Беломестных  |b В. Н.  |c физик, физико-химик  |c профессор Юргинского технологического института (филиал) Томского политехничесого университета  |f 1939-  |g Владимир Николаевич  |2 stltpush  |3 (RuTPU)RU\TPU\pers\25113 
701 1 |a Теслева  |b Е. П.  |c физик  |c доцент Юргинского технологического института (филиал) Томского политехнического университета, кандидат физико-математических наук  |f 1976-  |g Елена Павловна  |2 stltpush  |3 (RuTPU)RU\TPU\pers\25111 
801 1 |a RU  |b 63413507  |c 20090623  |g PSBO 
801 2 |a RU  |b 63413507  |c 20211012  |g PSBO 
856 4 |u http://www.lib.tpu.ru/fulltext/v/Bulletin_TPU/2005/v308/i6/05.pdf 
942 |c CF